| 000 | 00678nam a22001817a 4500 | ||
|---|---|---|---|
| 020 | _a9781071614204 | ||
| 082 |
_a519.5 _bJAM |
||
| 100 | _aJames, Gareth, Daniela Witten, Trevor Hastie, and Robert Tibshirani | ||
| 245 |
_aAn introduction to statistical learning with applications in R/ _cGareth James, Daniela Witten, Trevor Hastie, and Robert Tibshirani |
||
| 250 | _a2nd edition. | ||
| 260 |
_aNew York: _bSpringer Nature; _c2021. |
||
| 300 | _a607p. | ||
| 563 | _aPB. | ||
| 650 |
_aStatistical learning _aDeep learning _9123879 |
||
| 650 |
_aE-BOOKBANK.SEECSTEXTBOOK _9125472 |
||
| 856 | _uhttp://10.250.8.41:8080/xmlui/handle/123456789/41650 | ||
| 942 |
_2ddc _cBK |
||
| 999 |
_c609914 _d609914 |
||